00833nam a2200229Ii 45000010005000000030009000050080041000140200015000550400033000700410008001030820015001111000039001262450070001652640066002353000012003013360026003133370028003393380027003679400050003949990017004449520142004617913CO-ViMGA241108s9999||||xx |||||||||||||| ||und|| a9586122530 aCO-ViMGAbspaerdacCO-ViMGA0 aunk04a417.2-E82l1 aHortensia Estrada Ramírez95506910a lengua sáliba :bclase nominales y sistemasde concordancia 1a[Lugar de publicación no identificado] : Tercer Mundo, 1996 avolumen atextbtxt2rdacontent aunmediatedbn2rdamedia avolumebnc2rdacarrier aidficha_siabuc: 7737. -- ficha_no_siabuc:7913 c52458d52458 001040708001aMEVIGERRbMEVIGERRcGENd2006-11-27hVol.1o417.2-E82lpECA8203r2024-11-26 10:09:11tEj.1w2024-11-26yBKz7737 | 10830